| 000 | 01070nam a2200337 4500 | ||
|---|---|---|---|
| 001 | 21267 | ||
| 003 | BD-RjUL | ||
| 005 | 20211209000651.0 | ||
| 008 | 140304s1962 nju b 000 1 eng | ||
| 035 | _a(OCoLC)505751592 | ||
| 035 | _a(OCoLC)ocn505751592 | ||
| 035 | _a(CStRLIN)NYCG85-B76149 | ||
| 035 | _a(BD-RjUL)21331 | ||
| 035 | _a(NNC)373820 | ||
| 040 |
_dNNC _aBD-RjUL _beng _cBD-RjUL |
||
| 041 | _aeng | ||
| 082 |
_a813.52 _bHEM 1962 |
||
| 090 |
_aPS3515.E37 _bZ94 |
||
| 245 | 1 | 0 |
_aHemingway : _ba collection of critical essays / _cedited by Robert P. Weeks. |
| 260 |
_aEnglewood Cliffs, N.J. : _bPrentice-Hall, _cc1962. |
||
| 300 |
_a180 p. ; _c21 cm. |
||
| 490 | 1 |
_aTwentieth century views. A Spectrum book, _vS-TC-8 |
|
| 504 | _aIncludes bibliography. | ||
| 600 | 1 | 0 |
_aHemingway, Ernest, _d1899-1961 _xCriticism and interpretation. _965758 |
| 830 | 0 |
_vS-TC-8. _965759 |
|
| 700 | 1 |
_aWeeks, Robert P. _q(Robert Percy), _965755 |
|
| 830 | 0 |
_aTwentieth century views ; _955768 |
|
| 942 |
_2ddc _cBK |
||
| 999 |
_c21267 _d21267 |
||